| 000 | 00964cab a2200181 4500 | ||
|---|---|---|---|
| 001 | L130609 | ||
| 008 | 050817n2005 000 0 eng u | ||
| 035 | _a(Sirsi) u130609 | ||
| 041 | _aeng | ||
| 100 | _aField, Duncan | ||
| 245 | _aDevelopment hurdles | ||
| 260 | _c2005 | ||
| 490 |
_aEstates Gazette _v(0532) 13 August 2005, 64-65(2) |
||
| 520 | _aSummarises the key factors that developers involved in regeneration projects should bear in mind. Examines environmental impact assessments and planning obligations as customary requirements for major regeneration projects and looks at the issues of affordable housing, compulsory purchase and highways as well as rights to light and restrictive covenants. Concludes that developers and investors will only make the necessary long-term commitment to urban regeneration if they receive an adequate level of return. | ||
| 590 | _aIKA300805 | ||
| 690 | _aPROPERTY-PROPERTY MANAGEMENT-REGENERATION | ||
| 942 | _n0 | ||
| 999 |
_c75728 _d75728 |
||